000 01041cam a22002894a 4500
001 12691788
005 20180115094206.0
008 020305s2002 dcua b 001 0 eng
010 _a 2002025402
020 _a0844741701 (cloth)
020 _a084474171X (pbk.)
040 _aDLC
_cDLC
_dDLC
041 _aeng
042 _apcc
043 _an-us---
080 _a362.17830973 KAS
082 0 0 _a362.17830973 KAS
_221
100 1 _a14
101 _aJUR
245 1 4 _aThe U.S. organ procurement system :
_cDavid L. Kaserman and A.H. Barnett.
246 3 0 _aUS organ procurement system
246 3 0 _aUnited States organ procurement system
504 _aIncludes bibliographical references (p. 163-170) and index.
906 _a7
_bcbc
_corignew
_d1
_eocip
_f20
_gy-gencatlg
942 _2ddc
_cBK
999 _c40317
_d40317